000 00257nam a22000977a 4500
008 140207t xxu||||| |||| 00| 0 eng d
100 _aDavid Easton
_9671
245 _aA Framework for Political Analysis
300 _axvi, 338 p.
_billus.
_c24 cm.
942 _2ddc
_cBK
999 _c16930
_d16930